| 000 | 02040nam a22005297a 4500 | ||
|---|---|---|---|
| 001 | 15028653 | ||
| 003 | OSt | ||
| 005 | 20210421074521.0 | ||
| 008 | 070927s2007 inua b 000 0 eng | ||
| 010 | _a 2007040291 | ||
| 020 | _a9781930538719 (pbk.) | ||
| 020 | _a1930538715 (pbk.) | ||
| 035 | _a(DNLM)101317443 | ||
| 040 |
_aDNLM/DLC _cDLC _deng _beng |
||
| 041 | _aeng | ||
| 042 | _apcc | ||
| 050 | 0 | 0 |
_aRT42 _b.J62 2007 |
| 060 | 1 | 0 |
_aWY 100 _bJ65 2007 |
| 080 |
_a616-08 _bJ-74 |
||
| 082 | 0 | 0 |
_a610.73 _222 |
| 245 | 0 | 0 |
_aJohns Hopkins nursing evidence-based practice model and guidelines / _cRobin P. Newhouse ... [et al.]. _b/ by: Sigma Theta Tau International Honor Society of Nursing, |
| 246 | 3 | 0 | _aNursing evidence-based practice model and guidelines |
| 260 |
_aIndianapolis : _bSigma Theta Tau International Honor Society of Nursing, _cc2007. |
||
| 300 |
_axiv, 224 p. : _bill. ; _c23 cm. |
||
| 504 | _aIncludes bibliographical references. | ||
| 650 | 0 | _aEvidence-based nursing. | |
| 650 | 0 |
_aPatient Care _9285 |
|
| 650 | 0 | _aNursing models. | |
| 650 | 1 | 2 | _aNursing Process. |
| 650 | 2 | 2 | _aEvidence-Based Medicine. |
| 650 | 2 | 2 | _aModels, Nursing. |
| 653 | _aპაციენტის მოვლა | ||
| 653 | _aმტკიცებულებაზე დაფუძნებული პაციენტის მოვლა | ||
| 653 | _aპაციენტის მოვლის პროცესი | ||
| 700 | 1 | _aNewhouse, Robin Purdy. | |
| 700 |
_aDearholt, L. Sandra _9542 |
||
| 700 |
_aPoe, S. Stephanie _9543 |
||
| 700 |
_aPugh, C. Linda _9544 |
||
| 700 |
_aWhite, M. Kathleen _9545 |
||
| 710 | 2 | _aSigma Theta Tau International. | |
| 710 | 2 | _aJohns Hopkins Hospital. | |
| 710 | 2 |
_aJohns Hopkins University. _bSchool of Nursing. |
|
| 856 | 4 | 1 |
_3Table of contents only _uhttp://www.loc.gov/catdir/toc/ecip081/2007040291.html |
| 906 |
_a7 _bcbc _corignew _d1 _eecip _f20 _gy-gencatlg |
||
| 942 |
_2udc _cBK |
||
| 999 |
_c714 _d714 |
||